Nguyễn Thượng Hiền tuyển tập thơ văn

Uloženo v:
Podrobná bibliografie
Hlavní autor: Nguyễn, Thượng Hiền
Médium: Kniha
Jazyk:Undetermined
Vydáno: Hà Nội Văn hóa thông tin 2011
Témata:
Tagy: Přidat tag
Žádné tagy, Buďte první, kdo otaguje tento záznam!
Thư viện lưu trữ: Trung tâm Học liệu Trường Đại học Cần Thơ
LEADER 00645nam a2200193Ia 4500
001 CTU_181277
008 210402s9999 xx 000 0 und d
020 |c 125000 
082 |a 895.922132 
082 |b H305 
100 |a Nguyễn, Thượng Hiền 
245 0 |a Nguyễn Thượng Hiền tuyển tập thơ văn 
245 0 |c Chương Thâu sưu tầm và biên soạn 
260 |a Hà Nội 
260 |b Văn hóa thông tin 
260 |c 2011 
650 |a Vietnamese literature,Văn học Việt Nam cận đại 
910 |a Nguyên 
980 |a Trung tâm Học liệu Trường Đại học Cần Thơ